Państwa większe od Polski - nagła śmierć - Statystyki

Ogólne statystyki
  • Ten quiz został rozwiązany 182 razy
  • Średni wynik to 8 z 16
Answers on the Grid
Answers color-coded by a green-red scale on the quiz's grid according to % correct below.
Albania
Armenia
Afganistan
Chile
Brazylia
Rosja
Australia
Norwegia
Wielka Brytania
Finlandia
Szwecja
Pakistan
Egipt
Madagaskar
Islandia
Białoruś
Paragwaj
Surinam
Nowa Zelandia
Malezja
Laos
Kambodża
Watykan
Kirgistan
Sudan
Ghana
Botswana
Mikronezja
Oman
Wybrzeże Kości Słoniowej
 
Statystyki odpowiedzi
Odpowiedź % Poprawnych
Rosja
83%
Brazylia
75%
Australia
73%
Egipt
68%
Pakistan
60%
Sudan
53%
Chile
50%
Szwecja
49%
Madagaskar
48%
Afganistan
47%
Norwegia
42%
Botswana
39%
Finlandia
39%
Malezja
26%
Paragwaj
26%
Wybrzeże Kości Słoniowej
26%
Nie znaleziono quizów pasujących do podanych kryteriów
Rozkład punktacji
Procent ludzi z każdym wynikiem
Percentyl według liczby udzielonych odpowiedzi
Twoja historia wyników
Nie rozwiązałeś tego quizu